00701nam a2200205Ia 4500003000400000008004100004040001600045082001800061100003100079245009700110700004200207700004100249700003700290700004400327300001100371490000500382650003700387650003200424650003900456GCL140319s9999 xx 000 0 ara d aGCL / cGCL04a370.15bف م1 aمحمد نبيل نوفل10aمناهج البحث فى التربية وعلم النفس / cمحمد نبيل نوفل1 aفان دالين، ديوبولد ب1 aسلمان الخضرى (مترجم)1 aطلعت منصور (مترجم)1 aسيد احمد عثمان (مراجع) a651 ص a04aعلم النفس التربوى04aالتعليم - مناهج04aالمناهج، علم النفس